00534nam a2200121Ia 4500008004100000082002200041100001600063245009200079260005100171365000600222630009200228730009200320100415s9999 xx 000 0 und d b10164a595.76(54) aBingham CT aThe Fauna of British India including Ceylon and Burma Hymenoptera Vol. I Wasps and Bees aNEW DELHIc1897bTODAY & TOMORROW'S PRINTERS & b0 aThe Fauna of British India including Ceylon and Burma Hymenoptera Vol. I Wasps and Bees aThe Fauna of British India including Ceylon and Burma Hymenoptera Vol. I Wasps and Bees